000 00681nam a2200217Ia 4500
005 20250508170025.0
008 008 250505s9999 xx 000 0 eng d
020 _aISSN NO. 2320-8201
037 _aReference
040 _aFEDL
_beng
_cFEDL
041 _aeng
_2eng
084 _a374.264, PAN/RR
_qFEDL
100 _aPandey Umesh Chandra
_9502336
245 0 _aOptimizing open and distance learning in higher education institutions
260 _aHershey, USA
_bInformation Science Reference
_c2018
300 _axxii, 438p.
365 _aUSD
_b195
700 _a Indrakanti Verlaxmi
_9782760
942 _cREF
_h374.264, PAN/RR
999 _c1398738
_d1398738